| 000 | 00611cab a2200217 4500 | ||
|---|---|---|---|
| 001 | WB3313-46 | ||
| 008 | 090401t1997 xxu||||| |||| 00| 0 eng d | ||
| 035 | _a(Sirsi) u77441 | ||
| 041 | _aeng | ||
| 245 | _aSqueals on deals | ||
| 260 | _c1997 | ||
| 350 | _a0 | ||
| 490 |
_aTimes _v`Property` 22 March 1997, 8(2) |
||
| 520 | _aDiscusses the growing increase in cases of gazumping and how other countries have tried to deal with it. | ||
| 650 | _aCOST GUARANTEE AGREEMENT | ||
| 650 | _aGAZUMPING | ||
| 650 | _aLABOUR PARTY | ||
| 690 | _aPROPERTY LAW AND PRACTICE | ||
| 942 | _n0 | ||
| 948 | _c26/03/1997 | ||
| 999 |
_c48695 _d48695 |
||